000 02186cad a22002895a 4500
001 L144934
008 080826e20080731xxk f v 000 0 eng d
035 _a(Sirsi) u144934
041 0 _aeng
245 0 0 _aPlatform Funding Ltd v Bank of Scotland Plc (Formerly Halifax Plc)
_h[electronic resource]
260 _c2008
520 _a[2008] EWCA Civ 930, 31 July 2008. When a surveyor had been retained to inspect a property for valuation; there was an obligation to inspect the correct property and inspecting the wrong property was a breach of contract, regardless of the attention to detail applied to the valuation carried out on the property surveyed. Appellant surveyors (B) appealed against an award of breach of contract granted to respondent mortgage lender (P). B had surveyed a property prior to P issuing a mortgage against it. The mortagee had defaulted on payments and P had repossessed the property and it transpired that B had been misled by the borrower into inspecting a different property. P argued that a shortfall of roughly £30 000 when the property was sold should be met by B. Held: appeal dismissed. The judge found against B, stating that when the surveyor took on professional duties, he assumed a duty to exercise a degree of skill and care at least equal to a competent member of his profession. If a professional was working with care he could not be found to be warranted against the fraud of another.
590 _aKA
650 2 4 _aPLATFORM FUNDING LTD V BANK OF SCOTLAND PLC (FORMERLY HALIFAX PLC)
650 2 4 _aBARCLAYS BANK PLC V WEEKS LEGG & DEAN AND OTHERS
650 2 4 _aGREAVES AND CO (CONTRACTORS) LTD V BAYNHAM MEIKLE AND PARTNERS
650 2 4 _aHARMER V CORNELIUS
650 2 4 _aMIDLAND BANK PLC V COX MCQUEEN
650 2 4 _aSAMUELS V DAVIS
650 2 4 _aSMITH V ERIC S BUSH
650 2 4 _aVEBA OIL SUPPLY AND TRADING GMBH V PETROGRADE INC
650 2 4 _aZWEBNER V THE MORTGAGE CORPORATION LTD
651 4 _aEngland and Wales
_y1543-
690 _aPROPERTY-PROPERTY APPRAISAL AND VALUATION
856 4 0 _uhttps://www.bailii.org/ew/cases/EWCA/Civ/2008/930.html
_zView the case free of charge online at www.bailii.org...
942 _n0
999 _c80651
_d80651